000 00654nam a2200181Ia 4500
008 090124s9999 xx 000 0 und d
082 _b124687
100 _aपाध्ये भाऊ ( प्रभाकर नारायण )
245 _a थोडी सी जो पीली
250 _a1
260 _c1986
300 _a164
600 _aपाध्ये भाऊ ( प्रभाकर नारायण )
630 _a थोडी सी जो पीली
700 _aपाध्ये भाऊ ( प्रभाकर नारायण )
730 _a थोडी सी जो पीली
942 _cBOOK
999 _c170774
_d170774